| 000 | 01139nas a2200301 4500 | ||
|---|---|---|---|
| 001 | BR8402401 | ||
| 003 | BR-BrBNA | ||
| 005 | 20231205085910.0 | ||
| 007 | ta | ||
| 008 | 230509b bl.|||p| |||| 00| 00por d | ||
| 040 |
_aBR-BrBNA _bpor _cBiblioteca Nacional de Agricultura |
||
| 041 | _a(Pt) | ||
| 072 | _aF25 | ||
| 100 | 1 | _aMarinho, M.L. | |
| 100 | 1 | _aAlbuquerque, G.A.C. de | |
| 100 | 1 | _aVasconcelos, J.N. de | |
| 111 | 1 |
_a19. Congresso Brasileiro de Ciencia do Solo _cCuritiba, PR (Brazil) _dJul 1983 |
|
| 245 | 1 | _aRelacoes entre a percentagem de saturacao de bases do solo e a producao de cana-de-acucar em Alagoas [calcario dolomitico, Saccharum officinarum, Brasil] | |
| 246 | 1 | _a[Relationship between percentage of soil base saturation and sugarcane yield in Alagoas [dolomitic cimestone, Saccharum officinarum, Brazil]] | |
| 650 | _aCANA DE ACUCAR | ||
| 650 | _aCALCARIO DOLOMITICO | ||
| 650 | _aSATURACAO | ||
| 650 | _aSOLO | ||
| 650 | _aALAGOAS | ||
| 773 | 0 |
_tSaccharum (Brazil) _xISSN 0100-6223 _g(Jan-Feb 1984), v. 7(30) p. 33-38 _wBR8402401 |
|
| 909 |
_a202311 _bLúcia _c55 _dLúcia Elande |
||
| 942 |
_2AGRIS _n0 _cANA |
||
| 999 |
_c114632 _d114632 |
||